Encyclopedia of Electrochemistry of the Elements Vol. VIII Ag, Ga, Actinides, Mg, N

Uložené v:
Podrobná bibliografia
Médium: Kniha
Jazyk:English
Vydavateľské údaje: New York Marcel Dekker 1978
Predmet:
On-line prístup:View in OPAC
Tagy: Pridať tag
Žiadne tagy, Buďte prvý, kto otaguje tento záznam!

MARC

LEADER 00000nam a2200000 a 4500
005 20260127134215.0
008 090309 1978 xxu 000 0 eng d
020 |a 0824725085 
035 |a vtls009481227 
039 9 |a 201007071032  |b msnk88  |y 200903090925  |z mschk03 
040 |a STUSCHK1  |b slo  |c STUSCHK1  |e AACR2 
245 1 |a Encyclopedia of Electrochemistry of the Elements  |n Vol. VIII  |p Ag, Ga, Actinides, Mg, N  |c editor Allen J. Bard 
260 |a New York  |b Marcel Dekker  |c 1978 
300 |a xiv, 494 s. 
650 0 |a elektrochemické elementy 
650 0 7 |a elektrochémia 
655 0 |a encyklopédie 
910 |a SCHK95 
919 |a 0-8247-2508-5 
999 |c 6692  |d 6692